Careertracking : The 26 Success Short Cuts To The Top / (Record no. 27236)

000 -LEADER
fixed length control field 00784nam a22002297a 4500
001 - CONTROL NUMBER
control field 0000002485
003 - CONTROL NUMBER IDENTIFIER
control field PPM
005 - DATE AND TIME OF LATEST TRANSACTION
control field 20260428120421.0
008 - FIXED-LENGTH DATA ELEMENTS--GENERAL INFORMATION
fixed length control field 260428b ||||| |||| 00| 0 eng d
020 ## - INTERNATIONAL STANDARD BOOK NUMBER
International Standard Book Number 0704531046
Qualifying information Hardback
035 ## - SYSTEM CONTROL NUMBER
System control number 0000002485
040 ## - CATALOGING SOURCE
Language of cataloging Eng
Transcribing agency Pusat Penyelidikan Mineral, Jabatan Mineral Dan Geosains Malaysia
Modifying agency PPM
Description conventions RDA
082 00 - DEWEY DECIMAL CLASSIFICATION NUMBER
Edition number 20
Classification number 650.1
Item number CAL 1988
100 1# - MAIN ENTRY--PERSONAL NAME
Personal name Calano, Jimmy
Relator term author
245 10 - TITLE STATEMENT
Title Careertracking : The 26 Success Short Cuts To The Top /
Statement of responsibility, etc. by Jimmy Calano, Jeff Salzmsn
260 #1 - PUBLICATION, DISTRIBUTION, ETC.
Place of publication, distribution, etc. Aldershot :
Name of publisher, distributor, etc. Wildwood House,
Date of publication, distribution, etc. 1988
300 00 - PHYSICAL DESCRIPTION
Extent 269 pages .:
Other physical details illustrations .:
Dimensions 22 cm
504 ## - BIBLIOGRAPHY, ETC. NOTE
Bibliography, etc. note Includes bibliographical references (p.: 258-265)
650 10 - SUBJECT ADDED ENTRY--TOPICAL TERM
Topical term or geographic name entry element Success in business
700 1# - ADDED ENTRY--PERSONAL NAME
Personal name Salzman, Jeff
Relator term author
942 ## - ADDED ENTRY ELEMENTS (KOHA)
Source of classification or shelving scheme
Koha item type Books
Holdings
Withdrawn status Lost status Source of classification or shelving scheme Damaged status Not for loan Collection code Permanent Location Current Location Shelving location Date acquired Total Checkouts Full call number Date last seen Price effective from Koha item type
Available         Open Shelf PPM PPM Open Shelf 28/04/2026   650.1 CAL 1988 28/04/2026 28/04/2026 Books